Statistics for Questions of South America

Click here to take the quiz!

General Stats

  • This quiz has been taken 10 times
    (8 since last reset)
  • The average score is 5 of 7

Answer Stats

QuestionAnswer% Correct
What is the river in South America Called?Amazon
100%
What is the biggest country in south America?Brazil
100%
What is the most spoken language in South America?Spanish
100%
What is the only country in South America that speaks english?Guyana
75%
How many countries are in south America?12
63%
How many territories does South America have?3
38%
What is the population of the Falkland Islands?~900
13%

Score Distribution

Percentile by Number Answered

Percent of People with Each Score

Your Score History

You have not taken this quiz since the last reset